Score 0/46 Timer 07:00
0 Plays Today
CNORTUY Country % Correct
CPRSUYCyprus
92.9%
AALMTMalta
92.9%
ADLMOOVMoldova
92.9%
ACMNOOMonaco
92.9%
AINPSSpain
92.9%
AAABILNAlbania
90.5%
BEGILMUBelgium
90.5%
ACCEHIZCzechia
90.5%
ADFILNNFinland
90.5%
CEEEGRGreece
90.5%
AGHNRUYHungary
90.5%
KOOOSVKosovo
90.5%
ABEIRSSerbia
90.5%
DEENSWSweden
90.5%
AADNORRAndorra
88.1%
ABELRSUBelarus
88.1%
ADEKMNRDenmark
88.1%
AEGMNRYGermany
88.1%
AILTYItaly
88.1%
AAILTVLatvia
88.1%
ADLNOPPoland
88.1%
AAIKLOSVSlovakia
88.1%
AIRSSURussia
88.1%
CNORTUY Country % Correct
AAABDEEGHIINNNOORSVZBosnia and Herzegovina
85.7%
BEGLMORUUXLuxembourg
85.7%
ANORWYNorway
85.7%
AGLOPRTUPortugal
85.7%
AAIMNORRomania
85.7%
ADEILNRSTWZSwitzerland
85.7%
AABGILRUBulgaria
83.3%
AACIORTCroatia
83.3%
ACEFNRFrance
83.3%
ACDEILNIceland
83.3%
ADEILNRIreland
83.3%
AEILNOSVSlovenia
83.3%
AEIKNRUUkraine
83.3%
AACCIINTTVYVatican City
83.3%
AEINOSTEstonia
81%
CEEEHIILNNSTTLiechtenstein
81%
AAIRSTUAustria
76.2%
AAHIILNTULithuania
76.2%
EEGMNNOORTMontenegro
76.2%
DDGEIIKMNNOTUUnited Kingdom
76.2%
AACDEHIMNNOORTNorth Macedonia
71.4%
ADEEHLNNRSTNetherlands
71.4%
AAIMNNORSSan Marino
61.9%
Remove Ads.
Support Sporcle.
Get the best of Sporcle when you Go Orange. This ad-free experience offers more features, more stats, and more fun while also helping to support Sporcle. Thank you for becoming a member.

You're not logged in!

Compare scores with friends on all Sporcle quizzes.
OR
Log In

Show Comments

Extras

Top Quizzes Today


Score Distribution

Your Account Isn't Verified!

In order to create a playlist on Sporcle, you need to verify the email address you used during registration. Go to your Sporcle Settings to finish the process.

Report this User

Report this user for behavior that violates our Community Guidelines.

Details: